China as Number One: (Record no. 587718)
[ view plain ]
| 000 -LEADER | |
|---|---|
| fixed length control field | 00437nam a22001457a 4500 |
| 020 ## - INTERNATIONAL STANDARD BOOK NUMBER | |
| International Standard Book Number | 9789697947058 |
| 082 ## - DEWEY DECIMAL CLASSIFICATION NUMBER | |
| Classification number | 951 |
| Author Mark | JAV |
| 100 ## - MAIN ENTRY--PERSONAL NAME | |
| Personal name | Javed, Syed Hasan |
| 245 ## - TITLE STATEMENT | |
| Title | China as Number One: |
| Remainder of title | New Opportunities-New Partnerships / |
| Statement of responsibility, etc. | Syed Hasan Javed |
| 260 ## - PUBLICATION, DISTRIBUTION, ETC. | |
| Place of publication, distribution, etc. | Karachi: |
| Name of publisher, distributor, etc. | New Fakhri Printing Press, |
| Date of publication, distribution, etc. | 2021. |
| 300 ## - PHYSICAL DESCRIPTION | |
| Extent | 329p. ; |
| Dimensions | 22 cm. |
| 942 ## - ADDED ENTRY ELEMENTS (KOHA) | |
| Source of classification or shelving scheme | |
| Koha item type | Book |
| Withdrawn status | Lost status | Source of classification or shelving scheme | Damaged status | Not for loan | Permanent Location | Current Location | Shelving location | Date acquired | Source of acquisition | Total Checkouts | Full call number | Barcode | Date last seen | Price effective from | Koha item type |
|---|---|---|---|---|---|---|---|---|---|---|---|---|---|---|---|
| Central Library (CL) | Central Library (CL) | Chinese Studies | 01/26/2022 | Donated by Director CSC NUST | 951 JAV | CL-D-1441 | 01/26/2022 | 01/26/2022 | Book |
